| 000 | 00450nam a2200193Ia 4500 | ||
|---|---|---|---|
| 005 | 20240604060112.0 | ||
| 008 | 240331s9999 xx 000 0 und d | ||
| 020 | _a8186771565 | ||
| 082 |
_bVIO _a362 |
||
| 245 | 0 | _aViolence against women | |
| 250 | _a1st | ||
| 260 |
_aDelhi _bSerials Publications _c2005 |
||
| 300 | _aviii,207 p., | ||
| 650 | _aWomen | ||
| 650 | _aViolence | ||
| 650 | _aHuman Rights | ||
| 700 | _aUma Devi, K. | ||
| 942 | _cL | ||
| 999 |
_c2899 _d2899 |
||